000 00718nam a22002417a 4500
001 BR9210163
003 BR-BrBNA
005 20230928093733.0
007 ta
008 230509b bl.||||| |||| 00| 0 por d
040 _aBR-BrBNA
_bpor
_cBiblioteca Nacional de Agricultura
041 _a(Por)
072 _aF01
_b0170
090 _ 0170 BR9210163
110 1 _aAssociacao Nordestina de Credito e Assistencia Rural de Pernambuco, Recife (Brasil)
_9695
245 1 _aCultura do sorgo: tipo grao, introducao para o desenvolvimento do projeto
260 3 _aRecife, PE (Brasil):
_c[nd].
300 _a12 p.
650 _aSorgo
650 _aPratica Cultural
909 _a202309
_bLucia
_c55
_dLucia Elande
942 _cBK
999 _c46794
_d46794